002740000a22001210004500060000800000082002200008100001700030245003600047260003100083260000900114300001100123650001800134 a100 a589.204 524 9 GAR aGarrett, S D aBiology of root infecting fungi aCambridge University Press c1960 aXI+292 aFungi Biology